[Event "World U20-ch22"]
[Site "Belfort"]
[Date "1983.08.19"]
[Round "7"]
[White "Dlugy, Maxim"]
[Black "Trindade, Sandro Heleno"]
[Result "0-1"]
[WhiteElo "2450"]
[BlackElo "2320"]
[Annotator "Bulletin/Primel,D"]
[PlyCount "70"]
[EventDate "1983.08.12"]
[EventType "swiss"]
[EventRounds "13"]
[EventCountry "FRA"]
[SourceTitle "EXT 2004"]
[Source "ChessBase"]
[SourceDate "2003.11.25"]
[SourceVersion "1"]
[SourceVersionDate "2003.11.25"]
[SourceQuality "1"]

1. d4 d5 2. c4 e6 3. Nf3 c5 4. cxd5 exd5 5. Nc3 Nc6 6. e3 {Une variante peu
ambitieuse contre la défense Tarrasch} (6. g3 Nf6 7. Bg2 Be7 8. O-O O-O 9. Bg5
{la grande variante} cxd4 10. Nxd4 h6 11. Be3 Re8 12. Rc1 Bg4 13. h3 Be6 14.
Kh2 Qd7 15. Nxc6 bxc6 16. Na4 Bf5 17. Bc5 Bd8 $1 (17... Bxc5 $2 {Primel,D 
(2127)-Salaun,Y (2336) nationale II 2004 0-1})) 6... Nf6 7. Be2 Be7 8. dxc5
Bxc5 9. O-O O-O 10. a3 {[%cal Gb2b4,Gc1b2]} a6 11. Qd3 $146 {Un coup peu
naturel} (11. b4 Ba7 12. Bb2 (12. b5) 12... Re8 {Luce,S (2350)-Plachetka,J 
(2455) Bagneux op 17th 1983 0-1}) 11... Be6 12. Rd1 Qe7 13. b4 Ba7 14. Bb2 Rad8
15. Na4 Ne4 16. Rac1 Bf5 {[%cal Gf5d3]} 17. Qb3 Rfe8 18. Nd4 Nxd4 (18... Bxd4
19. Bxd4 Qh4 $1 {[%cal Gh4f2]} 20. g3 Qh6) 19. Bxd4 $16 {[%csl Gd4]} Bb8 20. g3
Qg5 {[%csl Rg3][%cal Gh7h5,Gh5h4,Ge4g3,Gb8g3]} 21. Bf3 Bg4 $1 (21... h5 22. Bb6
) 22. Bxg4 (22. Bg2 Bxd1) 22... Qxg4 23. Bb6 $6 (23. Nc5 Ng5) 23... Qf3 $1 24.
Qa2 Ng5 $40 {[%cal Gg5h3]} 25. Nc3 d4 (25... Rc8 $1 {[%csl Rd1][%cal Gc8c3]}
26. Qd2 Rxc3 $1 27. Rxc3 Ne4) 26. Bxd4 Rxd4 27. Rxd4 Nh3+ 28. Kf1 Qh1+ 29. Ke2
Qxc1 30. Rd7 Ng1+ 31. Kd3 Qf1+ 32. Kd4 Nf3+ 33. Kc5 Ba7+ 34. Kd6 Qd3+ 35. Qd5
Qg6+ {Malgré ce gain, l'américain qui faisait partie des favoris avant ce
championnat, a toujours 1,5 point de retard sur les premiers.} 0-1

[Event "UKR-ch41"]
[Site "Odessa"]
[Date "1972.05.27"]
[Round "17"]
[White "Kogan, Boris Markovich"]
[Black "Buturin, Vladimir"]
[Result "1/2-1/2"]
[WhiteElo "2445"]
[BlackElo "2370"]
[Annotator "Buturin,V"]
[PlyCount "62"]
[EventDate "1972.05.06"]
[EventType "tourn"]
[EventRounds "17"]
[EventCountry "UKR"]
[SourceTitle "EXT 2019"]
[Source "ChessBase"]
[SourceDate "2018.10.10"]
[SourceVersion "1"]
[SourceVersionDate "2018.10.10"]
[SourceQuality "1"]

1. d4 d5 2. c4 e6 3. Nc3 c5 4. e3 Nf6 5. Nf3 Nc6 6. cxd5 exd5 7. Be2 cxd4 8.
Nxd4 Bd6 9. O-O O-O 10. Nxc6 bxc6 11. b3 Qc7 12. g3 Bh3 13. Re1 h5 14. Bf1 Bxf1
15. Rxf1 h4 16. Qf3 Qd7 {?} (16... Nd7 {!}) 17. Bb2 Ng4 18. Ne2 Ne5 19. Bxe5
Bxe5 20. Rac1 hxg3 21. hxg3 a5 22. Kg2 g6 23. Nf4 Kg7 24. Rh1 Rh8 25. e4 {?} (
25. Nd3 {!} Bd6 26. e4 $16 {!}) 25... dxe4 26. Qxe4 Bxf4 27. Qxf4 Qd5+ 28. Qf3
Rxh1 29. Rxh1 a4 {!} 30. b4 Rd8 31. Qxd5 Rxd5 1/2-1/2

[Event "ISL-ch"]
[Site "Reykjavik"]
[Date "2015.05.24"]
[Round "11"]
[White "Gretarsson, Hjorvar Steinn"]
[Black "Steingrimsson, Hedinn"]
[Result "0-1"]
[WhiteElo "2561"]
[BlackElo "2532"]
[Annotator "CB"]
[PlyCount "46"]
[EventDate "2015.05.14"]
[EventType "tourn"]
[EventRounds "11"]
[EventCountry "ISL"]
[EventCategory "9"]
[SourceTitle "CBM 166 Extra"]
[Source "ChessBase"]
[SourceDate "2015.06.18"]
[SourceVersion "1"]
[SourceVersionDate "2015.06.18"]
[SourceQuality "1"]
[WhiteClock "0:20:08"]
[BlackClock "0:21:58"]

1. d4 Nf6 2. c4 e6 3. Nf3 d5 4. Nc3 c5 5. e3 Nc6 6. cxd5 exd5 7. Be2 cxd4 8.
Nxd4 Bd6 9. O-O O-O 10. h3 Re8 11. Nf3 a6 12. b3 Bf5 13. Bb2 Bc7 14. Qd2 Qd6
15. Rfd1 Rad8 16. Rac1 h5 {Diagram [#] black is already better here. This
opening is well known with colors reversed. Usually in that case black plays
g3 and avoids weaking the king's position with the move h3.} 17. Bd3 $2 {
Diagram [#] A mistake in a difficult position. Black to play and win} Bg4 $1 {
Diagram [#] an unusal theme. Black places his bishop en prise.} 18. hxg4 hxg4
19. g3 $6 {it was better to play the computer move 19.Ba3. It is a bit hard
for us humans to see these moves that place pieces en prise} gxf3 20. Bf1 Bb6
21. Re1 Ng4 22. Bh3 Bxe3 (22... Rxe3 {was even better}) 23. Rxe3 Nxe3 {Diagram
[#] and white resigned} 0-1

[Event "Hamburg HSK"]
[Site "Hamburg"]
[Date "2011.01.02"]
[Round "1.2"]
[White "Rausis, Igors"]
[Black "Carlstedt, Jonathan"]
[Result "1/2-1/2"]
[WhiteElo "2484"]
[BlackElo "2409"]
[Annotator "Carlstedt,J"]
[PlyCount "37"]
[EventDate "2011.01.02"]
[EventType "tourn"]
[EventRounds "9"]
[EventCountry "GER"]
[EventCategory "7"]
[SourceTitle "CBM 140 Extra"]
[Source "ChessBase"]
[SourceDate "2011.03.01"]
[SourceVersion "1"]
[SourceVersionDate "2011.03.01"]
[SourceQuality "1"]

1. d4 d5 2. c4 e6 3. Nf3 c5 4. Nc3 Nc6 5. cxd5 {statt dxc5 überlegte Rausis
Le3 zu spielen.} (5. Be3 {wäre laut Datenbank eine Neuerung gewesen} cxd4 6.
Nxd4 Nf6 7. cxd5 Nxd5 8. Nxc6 bxc6 9. Bd4 Rb8 {ist eine mögliche Variante})
5... exd5 6. Bg5 {[#]} f6 {gegen Teske spielte ich an dieser Stelle Le7.
Danach erhält meine Isolani-Stellung, die mir nicht gefällt.} (6... Be7 7. Bxe7
Ngxe7 8. dxc5 Qa5 9. e3 Qxc5 {mit ungefährem Ausgleich. Ich wollte diese Art
Stellung jedoch gegen Rausis nicht spielen.}) 7. Be3 (7. Bf4 {ist der Hauptzug}
g5 8. Be3 c4 {Das ist die Stellung aus der Partie, nur dass Schwarz g5 gezogen
hat, ob das gut oder schlecht für Schwarz ist, ist unklar.}) 7... c4 8. Nd2 $6
(8. g3 {ist der normale Zug}) 8... Bb4 9. f3 Nge7 10. Bf2 Be6 11. a3 (11. e4 {
ist der Zug auf den der weiße Aufbau hinausläuft} O-O 12. Be2 dxe4 13. Ndxe4
Nf5 14. a3 Ba5 $11) 11... Ba5 12. e3 {zu passiv, auch hier sollte Weiß e2-e4
spielen.[#]} O-O 13. Be2 Bf7 14. O-O Nf5 15. Re1 Re8 16. Nf1 a6 (16... Rc8 {
ist eine gleichwertige Alternative}) 17. Qd2 b5 18. Bd1 Ra7 19. Bc2 {mit
Remisangebot, ich sah nicht wie ich e4 verhindern kann, also nahm ich an.}
1/2-1/2

[Event "Vladivostok op2"]
[Site "Vladivostok"]
[Date "1995.??.??"]
[Round "5"]
[White "Zhidkov, Valery S"]
[Black "Kaiumov, Dmitry D"]
[Result "0-1"]
[WhiteElo "2325"]
[BlackElo "2435"]
[Annotator "Chekhov,V"]
[PlyCount "84"]
[EventDate "1995.??.??"]
[EventType "swiss"]
[EventRounds "9"]
[EventCountry "RUS"]
[SourceTitle "CBM 049 Extra"]
[Source "ChessBase"]
[SourceDate "1996.01.01"]
[SourceVersion "1"]
[SourceVersionDate "1996.01.01"]
[SourceQuality "1"]

1. Nf3 Nf6 2. c4 e6 3. Nc3 c5 4. e3 Nc6 5. d4 d5 6. cxd5 exd5 7. Be2 a6 8. O-O
Bd6 9. dxc5 Bxc5 10. b3 O-O 11. Bb2 Ba7 12. Rc1 (12. Nb1 $6 Re8 13. Na3 Bg4 14.
Nc2 Qd6 15. Ncd4 Rad8 $36 {Skembris,S-Makropoulos,G/Athens/1986/1|0/61/}) 12...
Qd6 13. Na4 (13. a3 Bg4 14. b4 Rad8 15. Na4 Ne4 16. Nd2 Nxd2 17. Qxd2 Bxe2 18.
Qxe2 d4 19. Nc5 Bxc5 20. Rxc5 $132 {Boensch,U-Lobron,E/Solonika/1988/1|0/41/})
(13. Nb1 Rd8 14. Ba3 Qe6 15. Bc5 Bxc5 16. Rxc5 Ne4 17. Rc1 Qg6 18. Kh1 Qf6 $36
{Agzamov,G-Gavrikov,V/Frunze/1981/0,5/82/}) (13. Rc2 $5 Be6 14. Rd2 Qe7 15. Qb1
Rad8 16. Rfd1 h6 17. Qa1 Rfe8 18. Bf1 $14 {Todorovic,G-Nikcevic,N/Niksic/1991/
1|0/42/}) 13... Rd8 (13... Ne4 14. Nd4 Re8 15. Nxc6 bxc6 16. Qc2 Bd7 17. Bd4 a5
18. Bd3 Bxd4 19. exd4 $14 {Spassov,L-Plachetka,J/Polanica Zdroj/1980/57/}) 14.
Nd4 Ne4 15. Bg4 $6 (15. Nxc6 $5 bxc6 16. Qc2 Bd7 17. Bd4 $14) 15... f6 16. Qe2
$6 (16. Bxc8 Raxc8 17. Nf5 Qd7 18. Qg4 Nd6 19. Nh6+ Kh8 20. Qh4 Ne5 $15) (16.
Nxc6 $5 bxc6 17. Bxc8 Raxc8 18. Qe2 c5 19. Rfd1 $132) 16... Nxd4 17. Bxd4 Bxd4
18. exd4 f5 $1 19. Bf3 Bd7 20. Nc5 $6 (20. Rfd1 $5 Bxa4 21. bxa4 Qb4 22. Bxe4
dxe4 (22... fxe4 23. Qg4 $13) 23. Qc4+ Qxc4 24. Rxc4 Rd7 25. Kf1 Rad8 26. Ke2
$15) 20... Bb5 21. Nd3 Qa3 $17 22. Rfd1 Rac8 23. Qb2 Qxb2 24. Nxb2 Nc3 25. Re1
Nxa2 26. Bxd5+ Kf8 27. Rxc8 Rxc8 28. Bxb7 Rc1 29. Rd1 Nc3 30. Rxc1 Ne2+ 31. Kf1
(31. Kh1 Nxc1 32. Bd5 Ne2 33. Nc4 Nxd4 34. Nd6 Ke7 $17) 31... Nxc1+ 32. Ke1
Nxb3 33. d5 Ke7 $19 34. Kd1 Kd6 35. Kc2 Nc5 36. Ba8 a5 37. f3 a4 38. Nd1 a3 39.
Nc3 Bd3+ 40. Kd2 Bc4 41. Kc2 Nd3 42. Kd2 Nb4 0-1

[Event "Buenos Aires"]
[Site "Buenos Aires"]
[Date "1980.??.??"]
[Round "?"]
[White "Najdorf, Miguel"]
[Black "Kavalek, Lubomir"]
[Result "1-0"]
[WhiteElo "2510"]
[BlackElo "2600"]
[Annotator "Chekhov,V"]
[PlyCount "85"]
[EventDate "1980.10.15"]
[EventType "tourn"]
[EventRounds "13"]
[EventCountry "ARG"]
[EventCategory "13"]
[SourceTitle "MCL"]
[Source "ChessBase"]
[SourceDate "1999.07.01"]
[SourceVersion "1"]
[SourceVersionDate "1999.07.01"]
[SourceQuality "1"]

1. d4 Nf6 2. Nf3 e6 3. c4 c5 4. e3 d5 5. Nc3 Nc6 6. a3 a6 7. cxd5 exd5 8. Be2
cxd4 9. Nxd4 Bd6 10. O-O O-O 11. Nf3 (11. Bf3 Be5 $1) (11. b4 $5) 11... Re8 12.
b4 Bc7 13. Bb2 Qd6 14. g3 Bh3 15. Re1 Rad8 16. b5 Na5 17. Qa4 Bb6 (17... Nc4 $6
18. Bxc4 dxc4 19. Qxc4 Ba5 20. Ng5) 18. Qh4 Bc8 (18... Bf5 $5 19. Rad1 Bc2 20.
Rd2 Be4) 19. Rad1 Qb8 $6 (19... Qe7 $5) 20. Bd3 (20. Na4 Rd6 (20... Re6 21. Ng5
{/\Bf6->/}) 21. Be5 $18) 20... h6 21. Na4 Rd6 (21... Re6 22. Bf5 Red6 23. Be5
Bxf5 24. Nxb6 $16) 22. Be5 Bg4 23. Be2 Bd8 24. Bxd6 (24. Bxf6 Bxf3 25. Bxd8
Bxe2 26. Bxa5 Bxd1 27. Rxd1 axb5 28. Nc3 $16) 24... Qxd6 25. Nd4 Bxe2 26. Rxe2
Qxa3 (26... Re4 27. Qh3 Qxa3 28. Qc8 Re8 29. Qc2 $16) 27. Nc2 Qb3 28. Qb4 (28.
bxa6 Re4 (28... bxa6 29. Qb4) 29. a7) 28... axb5 29. Qxb3 Nxb3 30. Nc3 $18 Ba5
31. Nxb5 (31. Nxd5 Ne4) 31... Re4 32. Ncd4 Nc5 33. Ra2 Bb6 (33... b6 34. Nc6
$18) 34. Ne2 (34. Nd6 Re7 (34... Re5 35. Ra8+ Kh7 36. Nxf7) 35. Nc8) 34... Re6
35. Nf4 Re5 36. Nc3 Nce4 37. Nfxd5 Nxc3 38. Nxc3 Ba5 39. Nd5 $1 b6 40. Nxf6+
gxf6 41. Rd7 Rc5 42. Ra4 f5 43. Rad4 1-0

[Event "URS-ch51 Final"]
[Site "Lvov"]
[Date "1984.04.12"]
[Round "7"]
[White "Chekhov, Valery A"]
[Black "Novikov, Igor A"]
[Result "1-0"]
[WhiteElo "2535"]
[BlackElo "2420"]
[Annotator "Chekhov,V"]
[PlyCount "62"]
[EventDate "1984.04.03"]
[EventType "tourn"]
[EventRounds "17"]
[EventCountry "URS"]
[EventCategory "10"]
[SourceTitle "URS-ch"]
[Source "ChessBase"]
[SourceDate "1999.07.01"]
[SourceVersion "1"]
[SourceVersionDate "1999.07.01"]
[SourceQuality "1"]

1. Nf3 Nf6 2. c4 e6 3. Nc3 c5 4. e3 Nc6 5. d4 d5 6. cxd5 exd5 7. Be2 cxd4 8.
Nxd4 Bd6 9. O-O O-O 10. b3 (10. Bf3 Be5 11. Nce2 Qd6 12. g3 h5 $13) 10... Nxd4
(10... Be5 $5 11. Nxc6 bxc6 12. Bb2 Qd6 13. g3 Bh3 $13) 11. Qxd4 Re8 12. Bb2
Be5 13. Qd3 Ne4 14. Na4 $2 (14. Nxe4 $1 Bxb2 15. Rad1 Bf5 16. Qd2 Bxe4 17. Qxb2
Qg5 18. g3 h5 $132) 14... Bxh2+ $1 15. Kxh2 Qh4+ 16. Kg1 Re6 17. Qd4 $8 (17.
Qxd5 Rh6 $19) 17... Rg6 18. g3 Qh3 (18... Qxg3+ 19. fxg3 Rxg3+ 20. Kh2 Rh3+ 21.
Kg2 Rg3+ $10) 19. Qe5 Bg4 20. Rfe1 {[#]} Nxf2 $2 (20... Ng5 21. Qxd5 Qh5 22.
Nc3 $13) (20... Bxe2 21. Rxe2 Rg5 22. Qf4 (22. Qd4 Nxg3 23. fxg3 Qxg3+ 24. Kh1
Qf3+ $19) 22... Rh5 23. Qf3 Ng5 24. Qg2 (24. Qxd5 Qg4 25. Kf1 Nf3 $19) 24...
Qg4 25. f3 (25. Kf1 Nf3 $1 $19) 25... Nxf3+ 26. Kf1 (26. Kf2 Rh2 $19) 26... Rh3
$1 $19) 21. Bf1 $1 (21. Kxf2 $4 Qh2+ 22. Kf1 Bh3#) 21... Qh1+ 22. Kxf2 Qf3+ $6
(22... Rf6+ 23. Qxf6 gxf6 24. Bg2 Qh5 25. Rac1 $16) 23. Kg1 Bf5 24. Qf4 $18
Rxg3+ 25. Kh2 Rh3+ 26. Bxh3 Qxh3+ 27. Kg1 Be4 28. Re2 Qh1+ 29. Kf2 Qg2+ 30. Ke1
Qg1+ 31. Kd2 Qg6 1-0

[Event "WchT U26 03rd"]
[Site "Graz"]
[Date "1981.08.27"]
[Round "10"]
[White "Sunye Neto, Jaime"]
[Black "Kasparov, Garry"]
[Result "0-1"]
[WhiteElo "2475"]
[BlackElo "2630"]
[Annotator "ChessBase"]
[PlyCount "94"]
[EventDate "1981.08.17"]
[EventType "team-swiss"]
[EventRounds "11"]
[EventCountry "AUT"]
[SourceTitle "EXT 2020"]
[Source "ChessBase"]
[SourceDate "2019.10.17"]
[SourceVersion "1"]
[SourceVersionDate "2019.10.17"]
[SourceQuality "1"]
[WhiteTeam "Brazil"]
[BlackTeam "Soviet Union"]
[WhiteTeamCountry "BRA"]
[BlackTeamCountry "URS"]

1. Nf3 Nf6 2. c4 c5 3. Nc3 e6 4. e3 Nc6 5. d4 d5 6. cxd5 exd5 7. Bb5 Bd6 8.
dxc5 Bxc5 9. O-O O-O 10. b3 Bg4 11. Bb2 Rc8 12. Rc1 Bd6 13. Be2 Bb8 14. Nb5 Ne4
15. Nbd4 Re8 16. h3 Bxf3 17. Nxf3 Qd6 18. Qd3 Ng5 19. Rfd1 Rcd8 20. Kf1 Ne4 21.
a3 a6 22. Qc2 Ba7 23. Bd3 Qe7 24. Re1 Rd6 25. b4 Re6 26. b5 axb5 27. Bxb5 h6
28. Rcd1 Rd8 29. Qb3 Qd6 30. a4 Bc5 31. Re2 b6 32. Kg1 Ne7 33. Nd4 Rg6 34. Bd3
Qd7 35. Kh1 Nf5 36. Bxe4 dxe4 37. Red2 Nh4 38. Ne6 Qxd2 39. Rxd2 Rxd2 40. Nf4
Rg5 41. Kg1 Nf3+ 42. Kf1 (42. Kh1 Bxe3 $3 43. fxe3 (43. Ne6 Rxf2 44. gxf3 Rf1+
45. Kh2 exf3 $1 46. Nxg5 (46. Qxe3 Rg2#) 46... Bf4#) 43... Rdxg2 $3 44. Nxg2
Rg3 $18) 42... Bxe3 $3 43. fxe3 $8 (43. Ne2 Nh2+ 44. Ke1 Rxg2 45. Qxe3 Nf3+ 46.
Kf1 Rg1+ $3 47. Nxg1 Rd1+) 43... Rdxg2 $1 44. Qc3 $1 (44. Qxb6 Rh2 45. Ne2 Rgg2
$18) 44... Rh2 45. Ne2 Kh7 $1 (45... Rgg2 46. Qc8+ $2 $10) 46. Qc8 $6 (46. Qb4
$1 f5 $1 47. Qb5 (47. Qf8 Rh1+ 48. Kf2 Nd2 $1) 47... f4 $1 48. Qb4 Nd2+ $1 49.
Qxd2 (49. Ke1 f3 50. Kxd2 Rxe2+ 51. Kc3 Rxe3+ 52. Kd4 f2 {/\ f1Q}) 49... Rh1+
50. Kf2 f3 $1 $18) 46... Rh1+ 47. Kf2 Nd2 $1 (47... Nd2 $1 48. Ng3 Rh2+ 49. Ke1
Nf3+ 50. Kf1 Rxb2) 0-1

[Event "Noyabrsk"]
[Site "Noyabrsk"]
[Date "1995.??.??"]
[Round "7"]
[White "Moskalenko, Viktor"]
[Black "Abramovic, Bosko"]
[Result "1-0"]
[WhiteElo "2525"]
[BlackElo "2520"]
[Annotator "Dautov,R"]
[PlyCount "89"]
[EventDate "1995.05.??"]
[EventType "tourn"]
[EventRounds "11"]
[EventCountry "RUS"]
[EventCategory "10"]
[SourceTitle "CBM 048"]
[Source "ChessBase"]
[SourceDate "1995.10.01"]
[SourceVersion "1"]
[SourceVersionDate "1995.10.01"]
[SourceQuality "1"]

1. d4 {Moskalenko} Nf6 2. c4 e6 3. Nc3 Bb4 4. Nf3 c5 5. e3 O-O (5... Nc6 6. Be2
Bxc3+ 7. bxc3 d6 8. Qc2 e5 9. dxc5 dxc5 10. e4 h6 11. Nd2 Ne7 12. Nf1 Ng6 13.
Ne3 Nf4 14. O-O Qa5 15. Nd5 Nxe2+ 16. Qxe2 Nxd5 17. cxd5 Qa4 18. c4 $16 {
->Moskalenko,V-Zagrebelny,S/Noyabrsk (10) ;CBM 48 1995}) 6. Be2 $5 Nc6 (6... b6
7. O-O Bb7 8. Na4 cxd4 9. exd4 Be7 10. a3 {/\b4}) (6... cxd4 7. exd4 d5 8. O-O
dxc4 9. Bxc4 {-E54}) 7. O-O d5 (7... cxd4 8. exd4 d5 9. Bg5) 8. cxd5 exd5 9.
dxc5 {Weiß kann das Spiel gegen den Isolani d5 anfangen-eine der Ideen des
bescheidenen Züges 6.Be2.} Bxc5 (9... Bxc3 $5 {Moskalenko}) 10. b3 (10. a3 a6
11. b4 Ba7 12. Bb2 Bg4 $10) 10... a6 11. Na4 $5 (11. Bb2 Qd6 12. Rc1 Rd8 13.
Qc2 Ba7 14. Rfd1 Qe7 15. Rd2 h6 16. Qd1 Be6 17. Na4 Ne4 $10 {Portisch,
L-Gligoric,S/Niksic 1983}) 11... Ba7 (11... Bd6 12. Bb2 Bg4 (12... Ne4 13. Nc3
Be6 14. Nd4 Ba3 15. Nxc6 bxc6 16. Bxa3 Nxc3 17. Qd2 Nxe2+ 18. Qxe2 $14) 13. Nd4
Bxe2 14. Qxe2 $14) 12. Ba3 (12. Bb2 {Moskalenko} b5 $5 13. Rc1 Nb4 14. a3 $13)
12... Re8 13. Bc5 Bxc5 (13... b6 14. Ba3 b5 15. Rc1 $14) 14. Nxc5 Bg4 15. Rc1
Qb6 (15... Qe7 $5) 16. Nd4 Nxd4 (16... Bxe2 17. Nxe2 Ne4 (17... Rad8 18. Nd4
$14) 18. Na4 $1 (18. Qxd5 $6 Rad8 19. Nd7 (19. Qf5 Qa5 {/\g6,b6}) 19... Qc7 20.
Rfd1 Kh8 $15 {/\Nf6}) 18... Qa5 19. a3 $14) 17. Bxg4 Ne6 18. Nxe6 (18. Na4 $5
Qd6 (18... Qa5 19. Bxe6 fxe6 20. Qe1 $1 Qxe1 (20... Qb5 21. Rc5 Qd7 22. Qa5 $14
) 21. Rfxe1 Rac8 22. Nb6 $14) 19. Bf5 b5 20. Nc3 Qe5 $10) 18... fxe6 19. Bf3
Rac8 20. Qd2 a5 $5 (20... Rc6 21. Rxc6 bxc6 22. Rc1 c5 (22... e5 23. Qc3 Re6
24. b4 $14) 23. Qc3 Nd7 24. e4 $14) 21. g3 (21. g4 $5 {Moskalenko}) 21... Qb4 (
21... Rc6 $5 {Moskalenko}) 22. Qxb4 axb4 23. Rxc8 Rxc8 24. Rd1 Rc6 (24... Rc2
25. Rd4 Rxa2 26. Rxb4 Ra7 {+/=/=} (26... e5 {Moskalenko} 27. h3 $1 $16)) 25.
Rd4 Rb6 26. Bg2 (26. g4 $5 {Moskalenko}) 26... Kf8 (26... Kf7 {Moskalenko} 27.
h3 $5 {/\f4,g4+/-/}) 27. f4 Ke7 28. e4 Rc6 $2 (28... dxe4 29. Bxe4 Nxe4 30.
Rxe4 Kd6 31. Kf2 Ra6 32. Rxb4 Rxa2+ 33. Kf3 Kc6 $10) 29. exd5 exd5 (29... Rc1+
30. Kf2 Rc2+ 31. Kf1 Rc1+ (31... exd5 {Moskalenko} 32. Bxd5 $14) 32. Ke2 Rc2+
33. Rd2 Rxd2+ 34. Kxd2 exd5 35. Kd3 Kd6 36. Kd4 $16 {/\Bf3,g4-g5}) 30. Bf3 (30.
h3 $5 {Moskalenko}) 30... Rc1+ 31. Kf2 (31. Kg2 {Moskalenko} Rc2+ 32. Kh3 Rxa2
33. g4 (33. Rxb4 Rf2 34. Bg2 h5 $13) 33... Rb2 34. Rxb4 d4 $1 $132) 31... Rc2+
32. Ke3 Rc3+ 33. Ke2 Rc2+ 34. Ke3 Rc3+ 35. Rd3 Rc5 (35... Rc2 36. Bxd5 b6 (
36... Rxa2 37. Bxb7 Rxh2 38. Rd4 $16) 37. Bf3 (37. h4 $5) 37... Rxh2 38. Rd4
Rxa2 39. Rxb4 Nd7 40. Bc6 Ra6 41. Bb5 $16) 36. g4 $16 Kd6 37. g5 Ne8 (37... Ng8
$16 {Moskalenko}) 38. Rd4 Rb5 (38... Rc3+ 39. Kf2 Rc2+ 40. Kg3 $16) 39. Be2 Rb6
40. Bd3 h6 (40... g6 41. f5 $16) 41. h4 Nc7 42. f5 {/\f6} hxg5 43. hxg5 Ke5 44.
Rh4 {/\Rh7} d4+ $2 45. Rxd4 $1 (45. Rxd4 Nd5+ 46. Rxd5+ Kxd5 47. f6 (47. Bc4+
$2 Kd6 48. f6 g6) 47... Re6+ (47... Ke6 48. Bc4+ $18) (47... gxf6 48. Bc4+ Ke5
49. g6 $18) 48. Kf4 gxf6 49. Bc4+ Kd6 50. Bxe6 Kxe6 51. g6 $18) 1-0

[Event "Moscow-4teams"]
[Site "Moscow"]
[Date "1981.02.24"]
[Round "2.5"]
[White "Averbakh, Yuri L"]
[Black "Kochyev, Alexander"]
[Result "0-1"]
[WhiteElo "2490"]
[BlackElo "2540"]
[Annotator "Dolmatov,S"]
[PlyCount "72"]
[EventDate "1981.02.22"]
[EventType "team"]
[EventRounds "6"]
[EventCountry "URS"]
[SourceTitle "MCL"]
[Source "ChessBase"]
[SourceDate "1999.07.01"]
[SourceVersion "1"]
[SourceVersionDate "1999.07.01"]
[SourceQuality "1"]
[WhiteTeam "Soviet Union Seniors"]
[BlackTeam "Soviet Union U26"]
[WhiteTeamCountry "URS"]
[BlackTeamCountry "URS"]

1. c4 Nf6 2. Nc3 c5 3. Nf3 e6 4. e3 d5 5. d4 a6 6. cxd5 exd5 7. Be2 Bd6 8. dxc5
Bxc5 9. O-O O-O 10. b3 Nc6 11. Na4 Ba7 12. Bb2 Ne4 (12... Qd6 13. Bxf6 $6 Qxf6
14. Qxd5 Bf5 15. Qd2 b5 16. Nc3 Rfd8 17. Qb2 Nb4 $15 {Deze,V-Gligoric,S/Novi
Sad/1979/ Inf 28/519/}) 13. Rc1 Qd6 14. Nc3 (14. Nd4 Bd7 15. Bf3 Ne5 16. Nc3
Bxd4 17. Bxe4 Ng4 18. g3 Qh6 $13 {Murshed,N-King,D/Oakham/1984/}) 14... Nf6 15.
Nb1 (15. Qd3 Bg4 16. Rfd1 Rad8 $10 {Averkin,O-Smyslov,V/URS/1973/}) 15... Rd8 (
15... Bg4 $6 16. Bxf6 Qxf6 17. Qxd5 Rfd8 18. Qc4 $14) 16. Nd4 Bd7 $6 (16... Ne4
$5 17. Nxc6 $6 bxc6 18. Bd4 c5) 17. Nxc6 bxc6 18. Bd4 a5 19. Bxa7 Rxa7 20. Qd4
Rb7 21. Nd2 (21. Nc3 $6 c5 $132) 21... Qb4 (21... Rb4 22. Qa7 a4 23. a3 Rh4 24.
Nf3 $14) 22. Nf3 Ra8 (22... a4 23. Qxb4 Rxb4 24. Nd4 axb3 25. axb3 Rc8 26. Rc2
c5 27. Rfc1 $14) 23. Ne5 Rb6 24. Rfd1 Be8 25. Bf3 (25. f3 $5) 25... Kf8 26. g4
Qxd4 27. Rxd4 h6 28. h4 g5 29. hxg5 (29. h5 $5) 29... hxg5 30. Kg2 Ke7 31. Kg3
a4 32. b4 a3 33. e4 $6 (33. Rc3 Ra4 34. Nd3 $16) 33... dxe4 34. Bxe4 Rd8 35.
Rcc4 $2 (35. Rxd8 Kxd8 36. Bxc6 Rxb4 37. Bxe8 Kxe8 38. Rc8+ Ke7 39. Nc6+ Kd7
40. Nxb4 Kxc8 41. Nc2 (41. Kf3 Kc7 42. Nc2 Nd5 43. Ke4 Nc3+ 44. Kf5 Nxa2 45.
Nxa3 Nc3 46. Kxg5 Ne4+ $10) 41... Ne4+ 42. Kf3 Nc3 $10) 35... Rxd4 36. Rxd4 c5
$1 (36... c5 37. bxc5 Re6 38. f4 Nxe4+ 39. Rxe4 f6 $19) 0-1

[Event "ARG-World"]
[Site "Buenos Aires"]
[Date "1994.??.??"]
[Round "5"]
[White "Sorin, Ariel"]
[Black "Bellon Lopez, Juan Manuel"]
[Result "1/2-1/2"]
[WhiteElo "2470"]
[BlackElo "2460"]
[Annotator "Ernst,T"]
[PlyCount "145"]
[EventDate "1994.04.??"]
[EventType "schev"]
[EventRounds "10"]
[EventCountry "ARG"]
[SourceTitle "CBM 042"]
[Source "ChessBase"]
[SourceDate "1994.10.01"]
[SourceVersion "1"]
[SourceVersionDate "1994.10.01"]
[SourceQuality "1"]

1. d4 d5 2. c4 e6 3. Nc3 c5 4. cxd5 cxd4 5. Qa4+ Bd7 6. Qxd4 exd5 7. Qxd5 Nc6
8. Nf3 Nf6 9. Qd1 Bc5 10. e3 Qe7 11. a3 (11. Be2 O-O-O 12. O-O g5 13. b4 $1 (
13. Bd2 g4 14. Nd4 $13 {Serper,G-Brandner,S/WchJ Tunja/1989/}) 13... Bxb4 14.
Bb2 $14 {Baburin,A-Weinzettl,E/Oberwart op/1991/}) 11... O-O-O (11... Rc8 12.
Be2 O-O 13. O-O Rfd8 14. Qc2 Bg4 15. Bd2 Ne5 $44 {Reinemer,F-Piskov,Y/Dortmund
op-A/1992/}) 12. b4 (12. Qc2 Kb8 13. Be2 g5 14. b4 Bd6 15. Bb2 $16 {Sadler,
M-Boog,A/Biel op/1993/}) 12... Bb6 13. Qc2 Kb8 14. Be2 g5 15. Na4 $6 Bc7 16.
Bb2 g4 17. Nd4 Nxd4 18. Bxd4 Bxa4 19. Qxa4 Rxd4 $1 20. exd4 Qe4 21. Kf1 Bb6 $13
22. Rd1 Nd5 23. Qb5 f5 (23... Nc3 24. Qd3 $16) 24. Qd3 Qe6 25. h3 h5 26. hxg4
fxg4 27. Re1 Qf6 28. Qe4 (28. Bxg4 hxg4 29. Rxh8+ Qxh8 30. Qf5 Qh1+ 31. Ke2
Qxg2 32. Qf8+ Kc7 33. Rc1+ Kd7 34. Qf5+ Ke7 $13) 28... Nc3 $5 (28... Bxd4 29.
Bf3 $1 gxf3 30. Qxd5 fxg2+ 31. Qxg2 Rf8 $13) 29. Qe5+ Qxe5 30. dxe5 Rf8 31. Bf3
(31. f3 Ne4 $3 32. g3 gxf3 33. Bxf3 Rxf3+ $19) 31... gxf3 32. g3 Rf5 33. e6 Ne2
34. e7 Re5 35. Rxh5 $1 $13 Rxe7 36. Rf5 Rh7 37. Rxf3 Nd4 38. Rf8+ (38. Kg2 Rh2+
$19) 38... Kc7 39. Kg2 Kc6 40. g4 Kd5 41. f4 Nc2 42. Re5+ Kc4 43. Rfe8 Bd4 44.
R5e7 Rh4 45. Kg3 Rh1 46. g5 Ra1 47. Rc7+ (47. f5 Rxa3+ 48. Kf4 Nxb4 $13) 47...
Kd3 48. Rxb7 Ne3 49. Rd7 Rg1+ 50. Kh2 Ng4+ 51. Kh3 Nf2+ 52. Kh4 Rg4+ 53. Kh5
Rxf4 54. Kg6 Ng4 55. Rd5 Ne3 $1 (55... Kc4 56. Rf5 $18) 56. Rdd8 Nc4 57. Rf8
Rh4 58. Kf5 Ne3+ 59. Ke6 Re4+ 60. Kd7 Rg4 61. Rg8 Nc4 62. Rdf8 Ke4 $1 (62...
Nxa3 63. Rf3+ Be3 64. g6 Nc4 $13) 63. a4 Nb6+ 64. Kc6 Nxa4 65. g6 Kd3 66. Rd8
Kc4 67. Rd7 Nc3 68. Kb7 Nb5 69. g7 Kxb4 70. Rb8 Rxg7 71. Rxg7 Bxg7 72. Ka6 Bd4
73. Rxb5+ 1/2-1/2